Public education in Indiana. (Record no. 20598)

MARC details
000 -LEADER
fixed length control field 00770cam a22002171 4500
001 - CONTROL NUMBER
control field e 23000079
003 - CONTROL NUMBER IDENTIFIER
control field DLC
005 - DATE AND TIME OF LATEST TRANSACTION
control field 20260227111214.0
008 - FIXED-LENGTH DATA ELEMENTS--GENERAL INFORMATION
fixed length control field 760528s1923 xx 000 0 eng
010 ## - LIBRARY OF CONGRESS CONTROL NUMBER
LC control number e 23000079
035 ## - SYSTEM CONTROL NUMBER
System control number (OCoLC)2200609
040 ## - CATALOGING SOURCE
Original cataloging agency DLC
Transcribing agency OTU
Modifying agency DLC
042 ## - AUTHENTICATION CODE
Authentication code premarc
050 00 - LIBRARY OF CONGRESS CALL NUMBER
Classification number LA283
Item number .G4
110 2# - MAIN ENTRY--CORPORATE NAME
Corporate name or jurisdiction name as entry element General Education Board.
245 10 - TITLE STATEMENT
Title Public education in Indiana.
Remainder of title Report of the Indiana education survey commission,
Statement of responsibility, etc. prepared under the direction of the commission by the General education board.
260 ## - PUBLICATION, DISTRIBUTION, ETC.
Place of publication, distribution, etc. New York,
Name of publisher, distributor, etc. General education board,
Date of publication, distribution, etc. 1923.
300 ## - PHYSICAL DESCRIPTION
Extent 1 p. l., x, 304 p.
Other physical details incl. tables, diagrs. front., plates.
Dimensions 20 cm.
650 #0 - SUBJECT ADDED ENTRY--TOPICAL TERM
Topical term or geographic name entry element Education
Geographic subdivision Indiana.
710 1# - ADDED ENTRY--CORPORATE NAME
Corporate name or jurisdiction name as entry element Indiana.
Subordinate unit Education survey commission.

No items available.

Powered by Koha